| 000 | 01687nam a2200505 i 4500 | ||
|---|---|---|---|
| 001 | 6047 | ||
| 003 | KOSZ 005 | ||
| 005 | 20191002140052.0 | ||
| 008 | 970510s1993 pl a f |001 0 pol | ||
| 015 | _aPB 1994/2608 | ||
| 020 | _a8301113421 | ||
| 035 | _a991000423899705066 | ||
| 035 | _a(PL-WaBN)b10156598-48omnis_nlop | ||
| 035 | _ab10156598 | ||
| 035 | _a(OCoLC)830052967 | ||
| 035 | _a(PL)b0000001015659 | ||
| 035 | _a(EXLNZ-48OMNIS_NETWORK)9910263605805606 | ||
| 040 |
_aWA N _cWA N _dKOSZ 005/EG |
||
| 046 | _k1993 | ||
| 080 | _a17 | ||
| 080 | _a(075.3) | ||
| 100 | 1 |
_aJarco, Jerzy _d(1943-2006) _eAutor |
|
| 245 | 1 | 0 |
_aEtyka : _bświat wartości moralnych / _cJerzy Jarco, Zdzisław Kalita, Marian Semp. |
| 260 |
_aWarszawa ; Wrocław : _bWydaw. Naukowe PWN, _c1993. |
||
| 300 |
_a311, [1] s. : _bil. ; _c24 cm. |
||
| 336 |
_2rdacontent _aTekst _btxt |
||
| 337 |
_2rdamedia _aBez urządzenia pośredniczącego _bn |
||
| 338 |
_2rdacarrier _aWolumin _bnc |
||
| 380 | _aKsiążki | ||
| 380 | _aPublikacje dydaktyczne | ||
| 385 |
_mPoziom nauczania _aSzkoły średnie |
||
| 388 | _a1901-2000 | ||
| 388 | _a1989-2000 | ||
| 504 | _aBibliogr. s. 299-302. - Indeks. | ||
| 521 | _aPodręcznik dla szkół średnich. | ||
| 650 | 7 |
_aEtyka _2DBN |
|
| 655 | 7 |
_aPodręczniki dla szkół średnich _2DBN |
|
| 658 | _aFilozofia i etyka | ||
| 700 | 1 |
_aKalita, Zdzisław _d(1936- ) _eAutor |
|
| 700 | 1 |
_aSemp, Marian _eAutor |
|
| 710 | 2 |
_aWydawnictwo Naukowe PWN _4pbl |
|
| 856 |
_uhttp://koha.tu.koszalin.pl/cgi-bin/koha/opac-detail.pl?biblionumber=6047 _yKatalog online BPK |
||
| 942 |
_2UKD _cKS |
||
| 999 |
_c6047 _d6047 |
||